000 00639nam a2200229Ia 4500
003 OSt
005 20221007082132.0
006 a|||||r|||| 00| 0
007 ta
008 221006b |||||||| |||| 00| 0 eng d
024 _a2,816
037 _cTextual
040 _aFLL
_cFLL
_beng
041 _2eng
_aeng
082 _aZ1y7z7, H0.1
100 _aHackwroth G.H. Au.
_9698810
245 0 _aDigest of international law
260 _aWashington
_bUnited States U.S.A.
_c1940
650 _aDigest of international law
_9698811
942 _hZ1y7z7, H0.1
_cTEXL
_2CC
999 _c1165442
_d1165442